First Name-Surname Chain - Statistics

General Stats
  • This quiz has been taken 304 times
  • The average score is 8 of 11
Answer Stats
Hint First Name % Correct
The 7th 007 Daniel Craig
92%
Founder of a Famous Whiskey Distillery Jack Daniel
92%
He was a Rebel Without a Cause James Dean
85%
Alice in Wonderland author Lewis Carroll
79%
When the moon hits your eye... singer Dean Martin
75%
Lead Actress in the 1964 production of "Hello, Dolly!" Carroll (Carol) Channing
70%
Actor who starred in Magic Mike and 21 Jump Street Channing Tatum
69%
British Consumer Rights Activist Martin Lewis
64%
Singer of 7 Days Craig David
55%
Former England Men's Goalkeeper David James
55%
American Actress who was married to John McEnroe Tatum O'Neal
43%
No matching quizzes found
Score Distribution
Percent of People with Each Score
Percentile by Number Answered
Your Score History
You have not taken this quiz